00745 2200265 4500001002100000005001700021008004100038020002200079035002400101040001200125041000800137082001900145084001900164090002300183100001100206245008000217250001000297260004500307300003400352504002600386650001300412700002000425850001200445990002200457INLIS00000000002946220170728115423.0  a978-602-9025-97-2 0010-071700000000632 aYOPDYOG1 aind042[23]a004.6782 a004.6782 Top M aDEP 004.6782 Top M0 aTOPARI1 aMerancang infrastruktur cloud computingc/ Topari ; editor, Erik R. Prabowo aCet.1 aYogyakartabSkripta Media Creativec2013 avi, 98 hlm.b: ilus.c; 29 cm aBibliografi : hlm. 98 4aInternet0 aErik R. Prabowo aYOPDYOG aCB-D.11/2013-2624